000 00848nas a2200289 4500
001 BR2014006557
003 BR-BrBNA
005 20231205124637.0
007 ta
008 230509b bl.|||p| |||| 00| 00por d
040 _aBR-BrBNA
_bpor
_cBiblioteca Nacional de Agricultura
041 _a(En)
072 _aH20
100 1 _aDubiela, C.R.
100 1 _aFajardo, T.V.M.
100 1 _aSanto, E.R.
100 1 _aNickel, O.
100 1 _aEiras, M.
100 1 _aRevers, L.F.
245 1 _aSimultaneous detection of Brazilian isolates of grapevine viruses by TaqMan real-time RT-PCR
650 _aUVA
650 _aVIRUS
650 _aDIAGNOSTICO
773 0 _tTropical Plant Pathology (Brazil)
_xISSN 1982-5676
_g(Mar-Apr 2013), v. 38(2) p. 158-165
_wBR2014006557
909 _a202311
_bLúcia
_c55
_dLúcia Elande
942 _2AGRIS
_n0
_cANA
999 _c240148
_d240148